00689 a2200205 4500240010000000502002300100653002600123100003000149300001600179245007600195650002900271650002200300650001300322130000700335710009400342041000700436041000700443653002300450651001000473 aEtude de la productivité de quelques plantes fourragères et du maïs cultivé en allées aThèse d'exercice1 aSciences agronomiques aAmoussou, Assogba Richard aXVIII-98 p. aBrowse and forage for small ruminants production in Republic of Bénin aALIMENTATION DES ANIMAUX aPLANTE FOURRAGERE aZEA MAYS lFr aAbomey-Calavi, Université nationale du Bénin, Faculté des Sciences Agronomiques, BJ bFr bEn 1aProduction animale aBENIN